Statistics for Ethiopian Airlines destinations

Click here to take the quiz!

General Stats

  • This quiz has been taken 244 times
  • The average score is 57 of 108

Answer Stats

CountryAnswer% Correct
ArgentinaBuenos Aires
88%
BelgiumBrussels
87%
AustriaVienna
87%
ChinaBeijing
86%
EgyptCairo
86%
South AfricaCape Town
86%
Hong KongHong Kong
86%
UKLondon
86%
ItalyRome
86%
ChinaShanghai
86%
IndiaMumbai
85%
IrelandDublin
84%
AngolaLuanda
84%
ItalyMilan
84%
BrazilSao Paulo
84%
JapanTokyo
84%
South AfricaJohannesburg
83%
SpainMadrid
83%
SingaporeSingapore
83%
UAEDubai
82%
SwedenStockholm
82%
IsraelTel Aviv
82%
CanadaToronto
82%
LebanonBeirut
81%
QatarDoha
81%
NigeriaLagos
81%
NorwayOslo
81%
IndiaDelhi
80%
GermanyFrankfurt
79%
KuwaitKuwait City
79%
Saudi ArabiaRiyadh
79%
MalaysiaKuala Lumpur
77%
PhilippinesManila
77%
FranceParis
77%
NigeriaAbuja
76%
USALos Angeles
75%
OmanMuscat
75%
GhanaAccra
74%
SenegalDakar
73%
ChinaGuangzhou
72%
Saudi ArabiaJeddah
72%
EthiopiaAddis Ababa
71%
MadagascarAntananarivo
71%
SudanKhartoum
71%
ZimbabweHarare
70%
CongoKinshasa
70%
South AfricaDurban
65%
BahrainManama
65%
NamibiaWindhoek
65%
RwandaKigali
64%
ZambiaLusaka
62%
CongoBrazzaville
61%
MozambiqueMaputo
61%
Cote d'IvoireAbidjan
60%
UgandaKampala
60%
CameroonYaounde
59%
South SudanJuba
58%
TogoLome
58%
TanzaniaDar es Salaam
56%
KenyaMombasa
55%
MaliBamako
54%
GuineaConakry
54%
BotswanaGaborone
53%
ChadN'djamena
52%
MalawiLilongwe
51%
USANewark
50%
NigerNiamey
50%
GabonLibreville
49%
Burkina FasoOuagadougou
49%
Equatorial GuineaMalabo
48%
BurundiBujumbura
47%
ChinaChengdu
47%
ComorosMoroni
47%
MaheMahe
45%
NigeriaKano
41%
Saudi ArabiaDammam
38%
DjiboutiDjibouti City
38%
CameroonDouala
38%
BeninCotonou
36%
USAWashington D.C
34%
CongoLubumbashi
26%
EthiopiaDire Dawa
22%
ZimbabweVictoria Falls
21%
MalawiBlantyre
20%
CongoGoma
16%
SomaliaHargeisa
16%
CongoPointe Noire
14%
EthiopiaMekele
12%
EthiopiaAxum
11%
EthiopiaLalibela
10%
EthiopiaArba Minch
9%
EthiopiaJimma
9%
EthiopiaGambela
7%
EthiopiaJijiga
6%
NIgeriaKaduna
6%
ZambiaNdola
6%
EthiopiaAsosa
5%
EthiopiaDessie
5%
NigeriaEnugu
5%
EthiopiaAwasa
4%
EthiopiaBahar Dar
3%
EthiopiaDembidolo
3%
EthiopiaGoba
3%
EthiopiaGode
3%
EthiopiaSemera
3%
EthiopiaGondor
1%
EthiopiaHumera
1%
EthiopiaKebri Dahar
1%

Score Distribution

Percentile by Number Answered

Percent of People with Each Score

Your Score History

You have not taken this quiz